| 000 | 00444nam a2200181Ia 4500 | ||
|---|---|---|---|
| 003 | OSt | ||
| 005 | 20230522154034.0 | ||
| 008 | 210210b1908 xxu||||| |||| 00| 0 eng d | ||
| 040 | _cAL | ||
| 041 | _aeng | ||
| 082 | _a823/111 | ||
| 100 |
_aSHAKESPEARE (William) _9110621 |
||
| 245 | _aLife of king henry the fifth | ||
| 260 |
_aLondon _bMacmillan & Co. Ltd. _c1908 |
||
| 690 |
_aEnglish Drama _9110628 |
||
| 906 | _a013663 | ||
| 942 |
_2ddc _cBK |
||
| 999 |
_c132675 _d132675 |
||